LDR 00862nam a2200217 4500 001 000000367444 003 CaOOAMICUS 005 20260424123928.0 008 260424s1905 it a 000 u ita r 040 $aSeMil$bita 245 10$a"La libertà" per S. Gennaro. 264 1$a[Napoli] :$b[s.n.],$c1905. 300 $a[8] p. :$bill. ;$c50 cm 500 $aSupplemento al n. 211 del periodico La libertà, anno 39, 1905 600 04$aGennaro
.$0(OLS)http://semarc/subject/44322 850 $aSeMil 852 $aSeMil$W1$xVenegono$y1$m5D XI 29/4$j270910$B258141$CSeMilBibl$Z2$F258141 $8M 961 $aDocumento indirizzato a Sua Eminenza Card. Arc. Andrea Carlo Ferrari 996 $6245$a"La libertà" per S. Gennaro$9(OLS)http://semarc/title/459379 996 $6264$a[Napoli] :$b[s.n.]$9(OLS)http://semarc/publisher/58322